000
00302nam a2200109Ia 4500
008
200302s9999 xx 000 0 und d
100
_a
Davis, Belfield & Everest
245
_a
Spon's A&D Architects' and Builders' Price Book 103rd ed.,
260
_b
E.& F. N. Spon Ltd.
260
_c
1978
300
_a
530 P.,
999
_c
146
_d
146